Państwa Które kończą się na O - Statystyki

Ogólne statystyki
  • Ten quiz został rozwiązany 73 razy
    47 od ostatniego zresetowania
  • Średni wynik to 5 z 9
Statystyki odpowiedzi
Kontynent Państwo % Poprawnych
Europa Kosowo
78%
Afryka Maroko
78%
Europa Monako
67%
Afryka Kongo
61%
Afryka Togo
58%
Afryka Lesotho
53%
Europa San marino
53%
Ameryka Południowa Trynidad i tobago
39%
Afryka Burkina Faso
28%
Nie znaleziono quizów pasujących do podanych kryteriów
Rozkład punktacji
Procent ludzi z każdym wynikiem
Percentyl według liczby udzielonych odpowiedzi
Twoja historia wyników
Nie rozwiązałeś tego quizu od ostatniego zresetowania